000 01174nam a22003377a 4500
001 T0000014
003 KOHA_MİRAKIL
005 20260207004503.0
007 ta
008 190402b2011 xx |||grm|||#0|||0|tur |
040 _aTR-BiSEU
_btur
_cTR-BiSEU
_erda
041 0 _atur
050 0 0 _aTez
_b14
100 1 _aDemirel, Dilber.
245 1 _aCemil Meriç'te kültür ve ideoloji/
_cDilber Demirel ; Dilber Demirel; danışman İdiris Demire.
264 1 _aBilecik :
_bBilecik Üniversitesi
_c2011
300 _aIX, 95 sayfa; 30 cm.+1 CD-ROM
336 _ametin
_btxt
_2rdacontent
337 _aaracısız
_bn
_2rdamedia
338 _acilt
_bnc
_2rdacarrier
500 _aRef. No: 400802
500 _aKaynakça var.
500 _aİngilizce Eser Adı: Culture and ideology on Cemil Meriç
502 _aTez (Yüksek Lisans) -- Bilecik Üniversitesi Sosyal Bilimler Enstitüsü Kamu Yönetimi Anabilim Dalı, Bilecik, .
650 0 _aKültür.
_99654
650 0 _aİdeoloji--Modern siyasi ideolojiler.
_9118818
650 0 _aCulture.
_99657
650 0 _aIdeology--Modern politicial ideology.
_9118819
856 4 0 _uhttp://acikkaynak.bilecik.edu.tr/xmlui/handle/11552/98
907 _aYüksek Lisans
942 _2lcc
_cTS
999 _c64565
_d64565